• 首页
  • 本馆介绍
  • 公告通知
  • 最新文献
  • 馆藏检索
  • 电子资源
  • 读者导购
  • 参考咨询
  • 我的图书馆
  • 登录
  • 详细信息显示
  • 放入我的书架
  • 预约/预借图书
  • 作者相关作品
  • 分类相关作品
  • 丛书相关作品
  • 出版社相关作品

书目信息

  • 表格格式
  • 工作单格式
  • 卡片格式
题名:
天下无极陈凯歌
    
 
作者: 邝世 编著
分册:  
出版信息: 北京   中国广播电视出版社  2005
页数: 165页
开本: 21cm
丛书名: 中国电影百年经典书系
单 册:
中图分类: J905.2
科图分类:
主题词: 电影评论--中国--现代 , 电影导演--人物研究--中国--现代
电子资源:
ISBN: 7-5043-4511-3
000 00878oam2 2200301 45
001 0900000024488
005 20051129100938.17
010    @a7-5043-4511-3@dCNY24.80
092    @aCN
100    @a20050308d2005 ekmy0chiy0120 ea
101 0  @achi
102    @aCN@b110000
105    @aa az 000yy
200 1  @a天下无极陈凯歌@9tian xia wu ji chen kai ge@f邝世编著@Fkuang shi bian zhu
210    @a北京@c中国广播电视出版社@d2005
215    @a165页@c照片@d21cm
225 2  @a中国电影百年经典书系@i导演系列@v04
320    @a有书目
410  0 @12001 @a中国电影百年经典书系
410  0 @12001 @a导演系列
600  0 @a陈凯歌@f1952~@x人物研究
606 0  @a电影评论@y中国@z现代
606 0  @a电影导演@x人物研究@y中国@z现代
690    @aJ905.2@v4
701  0 @a邝世@Akuang shi@4编著
801  0 @aCN@bCXYBOOK@c20051129
905    @a10447@dJ905.2@e114
999    @aAFJ@eJDD
    
    天下无极陈凯歌/邝世编著.-北京:中国广播电视出版社,2005
    165页:照片;21cm.-(中国电影百年经典书系.导演系列;04)
    
    
    ISBN 7-5043-4511-3:CNY24.80
    
●
相关链接 在E读中查询图书 在五车中查询图书 在当当中查询图书 在豆瓣中查询图书


正题名:天下无极陈凯歌     索取号:J905.2/114         预约/预借

序号 登录号 条形码 馆藏地/架位号 状态 备注
1 0369605   203696054   第一样本阅览室/ [索取号:J905.2/114] 在馆    
2 0369606   203696063   第一借阅区/ [索取号:J905.2/114] 在馆    
3 0369607   203696072   第一借阅区/ [索取号:J905.2/114] 在馆    
4 0369608   203696081   第一借阅区/ [索取号:J905.2/114] 在馆    
5 0369609   203696090   第一借阅区/ [索取号:J905.2/114] 在馆    
唐山师范学院图书馆 欢迎您!
大连网信软件有限公司© 版权所有